| 000 | 00906 a2200193 4500 | ||
|---|---|---|---|
| 003 | 0 | ||
| 005 | 20251110134038.0 | ||
| 040 | _cNust | ||
| 082 | _a621.382,SAI | ||
| 100 |
_a Ullah, CSUO Saif (TCC-4) _9131745 |
||
| 245 |
_aTravelling wave aerial for an/ PRC-77 / _bCSUO Saif Ullah, PC Haroon Raees, PC Aqeel, PC Zulfiqar and PC Mansoor (TCC-4) |
||
| 260 |
_aRawalpindi _bMCS (UET Lahore) _c1996 |
||
| 300 | _a56 P.; | ||
| 505 | _a Introduction (Page-1), Long wire antenna (Page-2), Types of travelling wave aerials (Page-7), Design consideration of project (Page-13), Method of achieving desired objective (Page-14), Using short and open circuits (Page-18), design procedures (Page-21), Coupling the line to the antenna (Page-30), Antenna resonance (Page-36). | ||
| 650 |
_a UG Projects _998716 |
||
| 651 |
_a TCC-4 _9131746 |
||
| 700 |
_aSupervised by Brog (R) Iftikhar _9131747 |
||
| 942 |
_cPR _2ddc |
||
| 999 |
_c215415 _d215415 |
||